| 000 | 01500nam2a22002291 4500 | ||
|---|---|---|---|
| 001 | rc\956591 | ||
| 005 | 20250622103849.0 | ||
| 035 | _a(NLR Aleph) 006244603 | ||
| 090 |
_a6697394 _c6697394 |
||
| 100 | _a20041129d1982 |||y0rusy50 ca | ||
| 101 | 0 | _arus | |
| 102 | _aRU | ||
| 105 | _aa ||||||||| | ||
| 200 | 1 | _aГолова | |
| 210 |
_d1982 _aБ. м. |
||
| 215 |
_a58 с. _cил. |
||
| 461 | 0 |
_1001rc\956590 _12001#$aРентгенологическое исследование скелета$eМетод. указания для субординаторов, ординаторов, курсантов цикла специализации, интернов, рентгенолаборантов$fПерм. гос. мед. ин-т, Каф. рентгенологии и радиологии. Перм. обл. отд. здравоохранения$g[Сост. к. м. н. А.И. Новиков]$vЧ. 1 _96697387 _cПермь _d1982 _fПерм. гос. мед. ин-т, Каф. рентгенологии и радиологии. Перм. обл. отд. здравоохранения _nБ. и. _oМетод. указания для субординаторов, ординаторов, курсантов цикла специализации, интернов, рентгенолаборантов _tРентгенологическое исследование скелета _vЧ. 1 |
|
| 801 | 0 |
_aRU _bNLR _gpsbo |
|
| 801 | 1 |
_aRU _bELAR _2rusmarc |
|
| 852 |
_aNLR _j83-7/1235 |
||
| 942 | _cBOOK | ||
| 980 | _aNB | ||